Luật xử lý vi phạm hành chính

Bewaard in:
Bibliografische gegevens
Coauteur: Quốc hội
Formaat: Boek
Gepubliceerd in: H. 2012
Tags: Voeg label toe
Geen labels, Wees de eerste die dit record labelt!
Thư viện lưu trữ: Trung tâm Học liệu Lê Vũ Hùng, Trường Đại học Đồng Tháp
LEADER 00505pam a22001698a 4500
001 00039014
005 20171026081025.0
008 170517s2012 ||||||Viesd
041 0 # |a Vie 
082 1 4 |a 346.597  |b L504X 
110 1 # |a Quốc hội 
245 1 0 |a Luật xử lý vi phạm hành chính  |c 2012 
260 # # |a H.  |c 2012 
300 # # |a 46tr.  |c 29 cm 
852 # # |b Kho đọc  |j KD.1001032 
910 |d 17/05/2017 
980 # # |a Trung tâm Học liệu Lê Vũ Hùng, Trường Đại học Đồng Tháp